Rabelais et l' écriture

Guardat en:
Dades bibliogràfiques
Autor principal: Gray, Floyd
Format: Llibre
Idioma:Undetermined
Publicat: París, Francia Librairie A.-G. Nizet 1974
Matèries:
Etiquetes: Afegir etiqueta
Sense etiquetes, Sigues el primer a etiquetar aquest registre!

MARC

LEADER 00000nam a2200000Ia 4500
008 170316s9999 xx 000 0 und d
040 |a cru BVZT 
090 |a C-840 G-7r 
100 |a Gray, Floyd 
245 |a Rabelais et l' écriture 
260 |a París, Francia 
260 |b Librairie A.-G. Nizet 
260 |c 1974 
300 |a 215 páginas 
650 |a LITERATURA FRANCESA 
650 |a CRÍTICA 
999 |c 12979  |d 12979 
942 |c 15 D  |h C-840 G-7r  |2 z